=LDR 00000nam 2200000 4500 =001 INLIS000000000017230 =005 20140508115145.0 =006 =007 =008 Ind =035 ##$$0010-061300000017230 =041 ##$$a Ind =082 ##$$a 780 =090 ##$$a 780, Sat c =100 ##$$a Satiadarma, Monty P =245 ##$$a Cerdas dengan musik, Monty P Satiadarma =260 ##$$a 2004 $b Jakarta =300 ##$$a vi, 61 hlm, ilus, 23 cm =650 ##$$a Musik =850 ##$$a NBPNMAT =990 ##$$a 0001/BPAP-NTB/2016